000 00304nam a2200133Ia 4500
003 OSt
005 20240109102642.0
008 170524s9999 xx 000 0 und d
020 _a9788120327603
040 _ciimtu
100 _aOGATA KATSUHIKO
245 0 _aDISCRETE TIME CONTROL SYSTEM
942 _2ddc
_c02
999 _c4530
_d4530